Jednotlivé případy změn právních vztahů věcných břemen

Bibliographic Details
Main Author: Fiala, Josef, 1953- (Author)
Format: Article
Language:Czech
PhysicalDescription:Res. rus., angl., lit. 8 zázn. v češ.
Subjects:

MARC

LEADER 00000nab a2200000 a 4500
001 vtls000363864
003 SK-MaSNL
005 20260303161524.0
008 230223c1989 xo 0 cze
015 |a SNBRB19rr/mm-uuuuu 
035 |a CL0363986 
035 |a urn:nbn:sk:snk-ab29gn 
035 |a (urnnbn)urn:nbn:sk:snk:ar-a01zio 
035 |a (uuid)a8af29db-7e17-46a4-9e40-b2c170450fb9 
040 |a SNKBUCL  |b slo  |c SNKBUCL  |e AACR2 
041 0 |a cze 
044 |a xo  |c SK 
080 |a 347.24  |2 1981 
100 1 |a Fiala, Josef,  |d 1953-  |4 aut  |9 92196 
245 1 0 |a Jednotlivé případy změn právních vztahů věcných břemen  |c Josef Fiala 
300 |b Res. rus., angl., lit. 8 zázn. v češ. 
650 0 7 |a bremená vecné (práv.)  |2 snkbucl  |9 1184031 
655 7 |a články z novín a časopisov  |2 snkbucl  |9 267496 
773 0 |t Právny obzor  |g Roč. 72, č. 6 (1989), s. 508-518 
850 |a Slovenská národná knižnica v Martine  |a MTA001 
852 |a SNK  |b KIS3GCP 
958 |a NB 
958 |a RK 
958 |a CZ 
958 |a OND 
958 |a EUIPO 
958 |a article27 
992 |a RBX 
999 |c 2049569  |d 2051499